000
00297nam a2200145Ia 4500
100
_a
Mahajan/Sunita/ Shah/Seema
942
_c
BK
366
_f
20
245
_a
Distributed Computing
260
_b
Oxford
_c
2010
082
_b
MAH
300
_a
598
546
_a
ENGLISH
_c
Computers
999
_c
35454
_d
35454